00361nam a2200133Ia 4500008004100000024001700041082001800058100001800076245003100094260002600125600002100151650003800172999001700210260210s9999 xx 000 0 und d a99B-BCS5Y-21 a004.67072 GHA aGhazala Taqee 0aPatient Appointment System aKarachi:bUITU,c1999 aComputer Science aBachelor of Computer Science (BS) c31836d31836